| 000 | 01388nam a22002657a 4500 | ||
|---|---|---|---|
| 001 | BINCO | ||
| 003 | CO-MdBIC | ||
| 005 | 20220423204635.0 | ||
| 008 | 220423b2009 mx a|||| |||| 00| 0 spa d | ||
| 020 | _a9786077661016 | ||
| 040 |
_a CO-MdBIC _bspa. _cCO-MdBIC _d CO-MdBIC |
||
| 041 | _aspa | ||
| 082 |
_222 _a863.7 _bZ43 |
||
| 100 | _aZeferino, Zenén | ||
| 245 |
_aZoóngoro, bailongo _c/Zeferino, Zenén, escritorP |
||
| 250 | _aPrimera edición | ||
| 260 | 1 |
_aD.F, México: _bEdiciones el naranjo, _c[2009] |
|
| 260 | 4 | _a© 2009 | |
| 300 |
_a75 paginas; _bilustraciones a color: _c27 cm. |
||
| 490 | _apara niños lectores | ||
| 500 | _aMientras Leovigilda, la soñadora leona, y sus amigos se preparan para reunirse, algo terrible sucediendo en la ciénaga grande, que provoca que los animales abandonen la selva. Por suerte, Cidronio, el sabio cedro, encontrará la manera de enfrentar a esos inmóviles monstruos de aliento desagradable que han robado la tranquilidad del lugar. La magia que vive en el interior de Cidronio logrará que de los cuerpos de Leovigilda, Zancudiermo, Chalío, Jabalda, Armandillo y Burregundo brote música. Así, convertidos en instrumentos musicales, compartirán un mensaje de respeto a la naturaleza, que resonará al son del fandango. | ||
| 650 | 7 |
_9100 _aEducación infantil |
|
| 700 |
_aTorres Lara, Julio _eilustrador |
||
| 942 | _cLGB | ||
| 999 |
_c67789 _d67789 |
||